000 00589nam a2200217Ia 4500
008 160803s9999 xx 000 0 und d
020 _a9780786803996
100 _aEdwards, Pamela Duncan
245 _aWarthogs in the kitchen :
245 _ba sloppy counting book /
245 _cPamela Duncan Edwards ; illustrated by Henry Cole.
260 _aNew York :
260 _bScholastic Inc.
260 _c1998
300 _a1 volume (unpaged) :
300 _bcolor illustrations ;
300 _c29 cm
650 _aCounting.
650 _aStories in rhyme.
700 _a100
999 _c299049
_d299049